| 000 | 00767nam a2200229 a 4500 | ||
|---|---|---|---|
| 001 | 000026179 | ||
| 005 | 20200930024353.0 | ||
| 008 | 110303s1987 sp a r 000 0 spa d | ||
| 020 | _a8426122639 | ||
| 040 |
_aDO-SdBNP _bspa _cBNPHU |
||
| 041 | 1 | 7 |
_aspa _heng _2Código de idioma MARC |
| 082 |
_aNNN _bC776i |
||
| 100 | 1 |
_aCooper, Henry S. F., Jr. _953186 |
|
| 240 | 1 | 0 |
_aImaging Saturn. _lEspañol. |
| 245 | 1 | 0 |
_aLa imagen de saturno : _blos vuelos del Voyager / _cHenry S. F. Cooper, Jr. ; traducción de Victor Pozanco. |
| 260 |
_aBarcelona : _bJuventud, _c1987. |
||
| 300 |
_a272 p. : _bil. ; _c23 cm. |
||
| 500 | _aIncluye notas al pie de las páginas | ||
| 534 |
_aTítulo original: _tImaging Saturn. |
||
| 700 | 1 |
_aPozanco, victor, _etr _98952 |
|
| 049 | _aBNGR | ||
| 999 |
_c25671 _d25671 |
||